| 000 | 00777nam a2200193Ia 4500 | ||
|---|---|---|---|
| 003 | OSt | ||
| 005 | 20250505112858.0 | ||
| 008 | 191128s1965 ck er 000 f spa d | ||
| 040 |
_aCO-JMCR _cCO-JMCR |
||
| 041 | _aspa | ||
| 082 | 0 | 4 |
_aA-N _bVANc |
| 100 | 1 |
_aVan Dine, S. S. _eautor _98241 |
|
| 245 | 1 | 0 |
_aEl caso del asesinato de Benson / _cS.S. Van Dine |
| 260 |
_aBogotá : _bCirculo de lectores, _c1965 |
||
| 300 |
_a463 páginas ; _c 20 cm. |
||
| 520 | _aNueva York, 1925. Por primera vez, Philo Vance logra convencer a su amigo Markham, fiscal de distrito, de que lo deje participar en la investigación del asesinato de un prominente vecino de la ciudad. Alvin Benson es un hombre de la Bolsa y ha sumado corr | ||
| 650 | 1 | 4 |
_aNovela estadounidense _98242 |
| 942 |
_2ddc _cBK |
||
| 999 |
_c3542 _d3542 |
||